000
00264nam a2200109Ia 4500
008
200302s9999 xx 000 0 und d
100
_a
Clive Darlow
245
_a
Enclosed shopping Centres
260
_b
Architectural Press Inc.
260
_c
1972
300
_a
224 P.,
999
_c
2219
_d
2219